South American Presidents (2025) - Statistics

General Stats
  • This quiz has been taken 133 times
    96 since last reset
  • The average score is 6 of 12
Answers on the Map
Answers color-coded by a green-red scale on the quiz's map according to % correct below.
 
Answer Stats
Answer % Correct
Luiz Inácio Lula da Silva
83%
Javier Milei
81%
Nicolás Maduro
78%
Gabriel Boric
56%
Gustavo Petro
56%
Chan Santokhi
50%
Dina Boluarte
42%
Irfaan Ali
39%
Daniel Noboa
36%
Luis Arce
33%
Santiago Peña
33%
Yamandú Orsi
31%
No matching quizzes found
Score Distribution
Percent of People with Each Score
Percentile by Number Answered
Your Score History
You have not taken this quiz since the last reset